[Event "15th Asian-ch"]
[Site "Chengdu CHN"]
[Date "2017.05.15"]
[Round "4"]
[White "Zhang Ziji"]
[Black "Sadorra, Julio Catalino"]
[Result "0-1"]
[WhiteElo "2312"]
[BlackElo "2575"]
[EventDate "2017.05.12"]
[PlyCount "74"]

1.d4 Nf6 2.c4 e6 3.Nf3 d5 4.Nc3 Bb4 5.Qa4+ Nc6 6.e3 O-O 7.Qc2 dxc4 8.Bxc4 
Bd6 9.O-O e5 10.h3 Qe7 11.a3 g6 12.d5 e4 13.Nxe4 Nxe4 14.dxc6 bxc6 15.b4 
a5 16.Bb2 axb4 17.axb4 Rb8 18.Bd3 Rxb4 19.Ba3 Rb6 20.Bxd6 Nxd6 21.Nd4 Qg5 
22.Nf3 Qf6 23.Ra4 Be6 24.Rf4 Qb2 25.Qxb2 Rxb2 26.Nd4 Rd2 27.Nxe6 fxe6 28.
Rxf8+ Kxf8 29.Ba6 Rc2 30.Rb1 c5 31.Rb8+ Ke7 32.Rh8 c4 33.Rxh7+ Kd8 34.Rh8+
Kd7 35.Kf1 Kc6 36.Ke1 Ra2 37.Ra8 Ra5 0-1

[Event "15th Asian-ch"]
[Site "Chengdu CHN"]
[Date "2017.05.15"]
[Round "4"]
[White "Adhiban, Baskaran"]
[Black "Peng Xiongjian"]
[Result "1-0"]
[WhiteElo "2672"]
[BlackElo "2431"]
[EventDate "2017.05.12"]
[PlyCount "115"]

1.e4 e5 2.Nf3 Nc6 3.Bb5 a6 4.Ba4 Nf6 5.Nc3 b5 6.Bb3 Be7 7.a4 b4 8.Nd5 d6 
9.Nxf6+ Bxf6 10.Bd5 Bb7 11.c3 Rb8 12.O-O O-O 13.d4 Re8 14.h3 h6 15.Rb1 Qd7
16.Qd3 Ba8 17.Bd2 a5 18.Qc4 exd4 19.cxd4 Nd8 20.Bxa8 Rxa8 21.d5 c6 22.b3 
cxd5 23.Qxd5 Qb7 24.Qxd6 Rxe4 25.Bxh6 Ra6 26.Qg3 Bc3 27.Rbd1 Re8 28.Bg5 
Ne6 29.Be3 Nf8 30.Ng5 f6 31.Qf3 Qc6 32.Qxc6 Rxc6 33.Nf3 Be5 34.Rd5 Rc3 35.
Rb1 Bc7 36.Nd4 Re5 37.Rxe5 Bxe5 38.Nb5 Rc6 39.f4 Bc3 40.Rd1 Ne6 41.Kf2 Nc5
42.Bxc5 Rxc5 43.Nd6 Kf8 44.Kf3 Bb2 45.Nc4 Bc3 46.g4 g6 47.Ke4 f5+ 48.gxf5 
gxf5+ 49.Ke3 Ke7 50.h4 Rc8 51.Nxa5 Bf6 52.Nc4 Rg8 53.a5 Rg3+ 54.Ke2 Rxb3 
55.a6 Rg3 56.a7 Rg2+ 57.Kf1 Ra2 58.Nb6 1-0

[Event "15th Asian-ch"]
[Site "Chengdu CHN"]
[Date "2017.05.15"]
[Round "4"]
[White "Zhou Jianchao"]
[Black "Wang Yiye"]
[Result "1-0"]
[WhiteElo "2617"]
[BlackElo "2421"]
[EventDate "2017.05.12"]
[PlyCount "57"]

1.d4 d5 2.c4 dxc4 3.e4 Nf6 4.e5 Nd5 5.Bxc4 Nb6 6.Bd3 Nc6 7.Be3 Nb4 8.Be4 
c6 9.Nc3 Be6 10.Nf3 h6 11.O-O Qd7 12.Bb1 Bf5 13.Bxf5 Qxf5 14.a3 N4d5 15.a4
a5 16.Qb3 Nb4 17.d5 N6xd5 18.Nxd5 cxd5 19.Rac1 Qd7 20.e6 Qxe6 21.Rc7 Rc8 
22.Nd4 Rxc7 23.Nxe6 fxe6 24.Bb6 Rd7 25.Qh3 h5 26.Bxa5 Nc6 27.Bd2 e5 28.Rc1
e4 29.a5 1-0

[Event "15th Asian-ch"]
[Site "Chengdu CHN"]
[Date "2017.05.15"]
[Round "4"]
[White "Bersamina, Paulo"]
[Black "Wen Yang"]
[Result "0-1"]
[WhiteElo "2419"]
[BlackElo "2607"]
[EventDate "2017.05.12"]
[PlyCount "50"]

1.e4 e5 2.Nf3 Nc6 3.Bc4 Nf6 4.d4 exd4 5.e5 Ne4 6.Qe2 Nc5 7.O-O Be7 8.Rd1 
Ne6 9.c3 dxc3 10.Nxc3 O-O 11.Ne4 b6 12.Be3 Bb7 13.Rac1 Qe8 14.Bd5 Ncd4 15.
Nxd4 Bxd5 16.Qg4 Kh8 17.Nf5 Bc6 18.Rc3 f6 19.Bd4 Bxe4 20.Qxe4 Nxd4 21.Qxd4
Bc5 22.Qg4 g6 23.Rh3 fxe5 24.Ne3 Rd8 25.b4 Bxe3 0-1

[Event "15th Asian-ch"]
[Site "Chengdu CHN"]
[Date "2017.05.15"]
[Round "4"]
[White "Tran Tuan Minh"]
[Black "Liu Yan"]
[Result "1/2-1/2"]
[WhiteElo "2537"]
[BlackElo "2413"]
[EventDate "2017.05.12"]
[PlyCount "106"]

1.d4 Nf6 2.c4 e6 3.Nc3 Bb4 4.e3 b6 5.Ne2 c5 6.a3 Ba5 7.g3 Bb7 8.d5 b5 9.
Bg2 bxc4 10.O-O O-O 11.e4 d6 12.Bg5 Bxc3 13.Nxc3 exd5 14.e5 dxe5 15.Nxd5 
Bxd5 16.Bxf6 Qxf6 17.Qxd5 Na6 18.Qxc4 Rab8 19.Rad1 Rxb2 20.Rd7 Nb8 21.Rxa7
Qd6 22.Bd5 Rd2 23.Bxf7+ Kh8 24.Ra8 Qc6 25.Ra7 Qd6 26.Qe6 Qxe6 27.Bxe6 Nc6 
28.Rf7 Rxf7 29.Bxf7 g6 30.Rc1 Nd8 31.Bc4 Rd7 32.a4 Ra7 33.Bb5 Ne6 34.Kg2 
Ra5 35.Bd7 Nd4 36.Rb1 Ra7 37.Bb5 c4 38.Bxc4 Rxa4 39.Rb8+ Kg7 40.Rb7+ Kh8 
41.Bd5 Ra5 42.Rd7 Rc5 43.h4 Nb5 44.Kf3 Nc3 45.Bb7 h5 46.Ke3 Ra5 47.Kd3 Na4
48.Ke3 Nc5 49.Rd8+ Kg7 50.Bd5 Ra3+ 51.Ke2 Rd3 52.Rg8+ Kh7 53.Bf7 Rd7 
1/2-1/2

[Event "15th Asian-ch"]
[Site "Chengdu CHN"]
[Date "2017.05.15"]
[Round "4"]
[White "Gonzales, Jayson"]
[Black "Gomez, John Paul"]
[Result "1/2-1/2"]
[WhiteElo "2409"]
[BlackElo "2474"]
[EventDate "2017.05.12"]
[PlyCount "24"]

1.d4 d5 2.c4 c6 3.Nf3 Nf6 4.e3 Bg4 5.h3 Bxf3 6.Qxf3 e6 7.Bd3 Nbd7 8.cxd5 
exd5 9.Nc3 Bb4 10.O-O O-O 11.Rb1 Qe7 12.Re1 Rfe8 1/2-1/2

[Event "15th Asian-ch"]
[Site "Chengdu CHN"]
[Date "2017.05.15"]
[Round "4"]
[White "Xu Yi"]
[Black "Zhu Yi"]
[Result "0-1"]
[WhiteElo "2456"]
[BlackElo "2328"]
[EventDate "2017.05.12"]
[PlyCount "136"]

1.e4 a6 2.d4 b5 3.Bd3 Bb7 4.Nf3 e6 5.O-O Nf6 6.Re1 Be7 7.a4 b4 8.c4 bxc3 
9.bxc3 d5 10.e5 Nfd7 11.Nbd2 c5 12.Nf1 Nc6 13.Rb1 Rb8 14.Bd2 Na5 15.h4 
Bxh4 16.Nxh4 Qxh4 17.g3 Qd8 18.Qg4 Kf8 19.Bg5 Qc7 20.Qh4 Nc6 21.Ne3 Kg8 
22.Nxd5 exd5 23.e6 fxe6 24.Rxe6 Rf8 25.Rbe1 cxd4 26.cxd4 Qb6 27.Be7 Qxd4 
28.Bxf8 Nxf8 29.Re8 Qxh4 30.gxh4 Kf7 31.Bf5 h5 32.Bc8 Bxc8 33.Rxc8 Rh6 34.
Rc7+ Kg8 35.Re8 Nd4 36.Rb8 Nf3+ 37.Kf1 d4 38.Ke2 Nxh4 39.a5 Re6+ 40.Kd3 
Re5 41.Kxd4 Rxa5 42.Rc5 Nf5+ 43.Kd5 Ne7+ 44.Kd6 Nf5+ 45.Kc6 Nd4+ 46.Kb6 
Ra2 47.Rxh5 Rb2+ 48.Kc7 Ne6+ 49.Kc8 Rxf2 50.Ra8 Rc2+ 51.Kb7 Kf7 52.Ra7 Nc7
53.Kc8 Ne6 54.Kd7 g5 55.Rh1 Rd2+ 56.Kc6 Kf6 57.Kb6 g4 58.Ka5 Rb2 59.Rf1+ 
Ke5 60.Re1+ Kf4 61.Rf1+ Kg3 62.Rg1+ Kf3 63.Rd1 g3 64.Rc1 g2 65.Rb7 Rxb7 
66.Rc5 Rb5+ 67.Ka4 Nxc5+ 68.Ka3 Nd3 0-1

[Event "15th Asian-ch"]
[Site "Chengdu CHN"]
[Date "2017.05.15"]
[Round "4"]
[White "Nguyen Huynh Minh Huy"]
[Black "Atabaev, Yusup"]
[Result "1/2-1/2"]
[WhiteElo "2406"]
[BlackElo "2455"]
[EventDate "2017.05.12"]
[PlyCount "26"]

1.d4 d5 2.Nf3 Nf6 3.e3 c5 4.b3 Nc6 5.Bb2 cxd4 6.Nxd4 Bg4 7.Nxc6 bxc6 8.Be2
Bxe2 9.Qxe2 e6 10.O-O Bd6 11.c4 O-O 12.Nc3 Qa5 13.Rac1 Ba3 1/2-1/2

[Event "15th Asian-ch"]
[Site "Chengdu CHN"]
[Date "2017.05.15"]
[Round "4"]
[White "Atabaev, Maksat"]
[Black "Zou Chen"]
[Result "1/2-1/2"]
[WhiteElo "2519"]
[BlackElo "2320"]
[EventDate "2017.05.12"]
[PlyCount "112"]

1.e4 c5 2.Nf3 d6 3.d4 cxd4 4.Nxd4 Nf6 5.Nc3 Nc6 6.Bg5 e6 7.Qd2 a6 8.O-O-O 
Bd7 9.f3 Be7 10.Kb1 Qc7 11.h4 h6 12.Be3 h5 13.Bg5 Ne5 14.f4 Neg4 15.Nf3 e5
16.Bd3 Qc5 17.Rhe1 O-O-O 18.Qe2 exf4 19.Bxf4 Ne5 20.Be3 Qc7 21.Qf1 Bg4 22.
Qf2 Ned7 23.Be2 Be6 24.Ng5 Qc6 25.Qg3 Rhg8 26.Nxe6 fxe6 27.Qh3 Nxe4 28.
Nxe4 Qxe4 29.Bxh5 Qxh4 30.Bf7 Qxh3 31.gxh3 Rh8 32.Bxe6 Kc7 33.Bf4 Nc5 34.
Bg4 Bf6 35.Rd5 b6 36.c3 Nb7 37.b4 Rhe8 38.Rxe8 Rxe8 39.Kc2 Re4 40.Bd2 Re8 
41.a4 Be5 42.Rd3 Nd8 43.Rf3 Bf6 44.Rf2 Nc6 45.Re2 Rf8 46.Re4 Be5 47.h4 Rf2
48.Re2 Rf8 49.h5 a5 50.b5 Nd8 51.Be3 Nb7 52.Bd4 Nc5 53.Bxe5 dxe5 54.Rxe5 
Rf2+ 55.Kd1 Nxa4 56.Ke1 Rf7 1/2-1/2

[Event "15th Asian-ch"]
[Site "Chengdu CHN"]
[Date "2017.05.15"]
[Round "4"]
[White "Sriram, Jha"]
[Black "Tabatabaei, Mohammadamin"]
[Result "1/2-1/2"]
[WhiteElo "2390"]
[BlackElo "2521"]
[EventDate "2017.05.12"]
[PlyCount "59"]

1.d4 Nf6 2.Nf3 d6 3.c4 g6 4.g3 Bg7 5.Bg2 O-O 6.O-O Ne4 7.Qc2 f5 8.Rd1 Nc6 
9.a3 e6 10.b4 e5 11.dxe5 Qe8 12.Bb2 dxe5 13.Nc3 Nxc3 14.Qxc3 Rf7 15.Ng5 e4
16.Qc2 Bxb2 17.Qxb2 Re7 18.c5 h6 19.Nh3 g5 20.b5 Ne5 21.f4 exf3 22.exf3 
Nc4 23.Qf6 Ne3 24.Rd2 Nxg2 25.Kxg2 Re6 26.Rd8 Rxf6 27.Rxe8+ Rf8 28.Re7 Rf7
29.Re8+ Rf8 30.Re7 1/2-1/2

[Event "15th Asian-ch"]
[Site "Chengdu CHN"]
[Date "2017.05.15"]
[Round "4"]
[White "Fang Yuxiang"]
[Black "Lin Yi"]
[Result "1-0"]
[WhiteElo "2493"]
[BlackElo "2397"]
[EventDate "2017.05.12"]
[PlyCount "39"]

1.d4 Nf6 2.Bf4 d5 3.e3 Bf5 4.c4 e6 5.Nc3 c6 6.Qb3 b6 7.Nf3 Bd6 8.Ne5 O-O 
9.Be2 Ne4 10.g4 Nxc3 11.Qxc3 Be4 12.f3 f6 13.fxe4 fxe5 14.dxe5 d4 15.exd4 
Rxf4 16.exd6 Qxd6 17.O-O-O Rxe4 18.Rhf1 Rf4 19.c5 Qc7 20.Qe3 1-0

[Event "15th Asian-ch"]
[Site "Chengdu CHN"]
[Date "2017.05.15"]
[Round "4"]
[White "Odeev, Handszar"]
[Black "Liu Guanchu"]
[Result "0-1"]
[WhiteElo "2417"]
[BlackElo "2448"]
[EventDate "2017.05.12"]
[PlyCount "82"]

1.e4 e6 2.d4 d5 3.Nc3 Nf6 4.e5 Nfd7 5.f4 c5 6.Nf3 Nc6 7.Be3 Be7 8.Qd2 a6 
9.Be2 O-O 10.O-O b5 11.a3 Qb6 12.Nd1 Bb7 13.c3 Na5 14.Qe1 cxd4 15.cxd4 Nb3
16.Rb1 b4 17.Bd3 a5 18.f5 exf5 19.Bxf5 Rad8 20.Bc2 a4 21.axb4 Ba6 22.Nc3 
Qc6 23.Rf2 Bxb4 24.Qd1 Bxc3 25.bxc3 Qxc3 26.Bxb3 axb3 27.Rxb3 Qc6 28.Nh4 
f6 29.Nf5 Rf7 30.Nd6 Re7 31.Nf5 Rf7 32.Qg4 Kh8 33.Nd6 Re7 34.h4 Qa4 35.Rc3
Nxe5 36.Qg3 Qd1+ 37.Kh2 Ng4+ 38.Kh3 h5 39.Rc1 Nxf2+ 40.Qxf2 Qg4+ 41.Kh2 
Rxd6 0-1

[Event "15th Asian-ch"]
[Site "Chengdu CHN"]
[Date "2017.05.15"]
[Round "4"]
[White "Fang Yan"]
[Black "Winkelman, Albert"]
[Result "1-0"]
[WhiteElo "2443"]
[BlackElo "2029"]
[EventDate "2017.05.12"]
[PlyCount "99"]

1.e4 e5 2.Nf3 Nc6 3.Bb5 a6 4.Ba4 Nf6 5.d3 b5 6.Bb3 Be7 7.O-O O-O 8.a4 b4 
9.Bd5 Nxd5 10.exd5 Nd4 11.Nxe5 d6 12.Nc4 Bb7 13.Ne3 Qc8 14.Nd2 Re8 15.Ndc4
Nf5 16.Bd2 Nxe3 17.Nxe3 Bg5 18.Bxb4 Bxe3 19.fxe3 Rxe3 20.Qh5 f6 21.Rae1 
Re5 22.Rxe5 dxe5 23.d4 Qd7 24.dxe5 Qxd5 25.Rf2 Qxe5 26.Qxe5 fxe5 27.Ba5 
Rd8 28.Re2 Rd7 29.Rxe5 Kf7 30.Kf2 c6 31.Bb4 Bc8 32.Ke3 g6 33.b3 Bb7 34.g3 
Bc8 35.Re4 Bb7 36.Bc5 Bc8 37.Rf4+ Ke6 38.Rf8 Bb7 39.Ke4 Rd2 40.Re8+ Kd7 
41.Re7+ Kc8 42.Rxh7 Rxc2 43.Bd6 Rd2 44.Ke5 a5 45.Rc7+ Kb8 46.Rxc6+ Ka7 47.
Rc5 Rxh2 48.Rxa5+ Kb6 49.Rb5+ Ka7 50.Kf6 1-0

[Event "15th Asian-ch"]
[Site "Chengdu CHN"]
[Date "2017.05.15"]
[Round "4"]
[White "Andyka, Pitra"]
[Black "Nguyen Van Huy"]
[Result "1-0"]
[WhiteElo "2358"]
[BlackElo "2442"]
[EventDate "2017.05.12"]
[PlyCount "99"]

1.e4 c6 2.d4 d5 3.exd5 cxd5 4.c4 Nf6 5.Nc3 e6 6.Nf3 Bb4 7.Bd3 O-O 8.O-O 
dxc4 9.Bxc4 Nbd7 10.Bg5 h6 11.Bh4 Qa5 12.Re1 Bxc3 13.bxc3 b5 14.Bd3 Bb7 
15.Ne5 Nxe5 16.Rxe5 Nd5 17.Qg4 Qxc3 18.Rd1 f5 19.Qg3 Qc6 20.Rde1 Rae8 21.
Bf1 Kh7 22.Qb3 a6 23.f3 Qd7 24.Bf2 Re7 25.Bh4 Ree8 26.Bf2 Kg8 27.Bd3 Qf7 
28.a4 Bc6 29.axb5 axb5 30.Qa3 Qd7 31.Qc5 Kf7 32.Kh1 g6 33.h3 Nf4 34.Bf1 
Rc8 35.Qb4 Rfe8 36.d5 Nxd5 37.Qh4 Kg7 38.Bd4 Kh7 39.Bb2 Re7 40.Bc1 f4 41.
Bd3 Qe8 42.Rg5 Rg7 43.Rh5 Qe7 44.Rxh6+ Kg8 45.Qg4 Nf6 46.Qxf4 Nh5 47.Qe5 
Be8 48.Bb2 Rd8 49.Bb1 Qd6 50.Rxh5 1-0

[Event "15th Asian-ch"]
[Site "Chengdu CHN"]
[Date "2017.05.15"]
[Round "4"]
[White "Atabaev, Saparmyrat"]
[Black "Wang Ting Hao"]
[Result "1-0"]
[WhiteElo "2422"]
[BlackElo "1652"]
[EventDate "2017.05.12"]
[PlyCount "45"]

1.e4 c5 2.Nf3 g6 3.d4 cxd4 4.Qxd4 Nf6 5.e5 Nc6 6.Qh4 Nxe5 7.Nxe5 Qa5+ 8.
Nc3 Qxe5+ 9.Be2 a6 10.Bf4 Qa5 11.O-O-O Bg7 12.Bh6 O-O 13.g4 Qe5 14.f4 Qe3+
15.Kb1 Ne4 16.Nxe4 Qxe4 17.Bd3 Qb4 18.Bxg7 Kxg7 19.g5 d6 20.a3 Qc5 21.Qh6+
Kg8 22.h4 Bg4 23.h5 1-0

[Event "15th Asian-ch"]
[Site "Chengdu CHN"]
[Date "2017.05.15"]
[Round "4"]
[White "Chen Fan"]
[Black "Dai Changren"]
[Result "1-0"]
[WhiteElo "2326"]
[BlackElo "2418"]
[EventDate "2017.05.12"]
[PlyCount "97"]

1.e4 c5 2.Nf3 Nc6 3.Bb5 Nf6 4.Nc3 g6 5.h3 Nd4 6.e5 Nxb5 7.Nxb5 Nd5 8.O-O 
Bg7 9.d4 Nc7 10.Nxc7+ Qxc7 11.Bg5 d5 12.exd6 Qxd6 13.Re1 f6 14.Be3 cxd4 
15.Nxd4 Bd7 16.c3 O-O-O 17.Qb3 e5 18.Nb5 Bxb5 19.Qxb5 a6 20.Qb3 Qd5 21.c4 
Qe6 22.Rad1 Rxd1 23.Rxd1 Bf8 24.Rd5 Be7 25.Bb6 Kb8 26.a4 Rc8 27.a5 e4 28.
Qg3+ Ka8 29.b3 Bb4 30.Qg4 f5 31.Qg3 Bf8 32.Qf4 h5 33.Qd2 Be7 34.Rd7 Kb8 
35.Rd5 Ka8 36.Be3 Bf6 37.Bf4 Bc3 38.Qd1 Qc6 39.Be3 Qc7 40.Bb6 Qf4 41.Rd7 
h4 42.Be3 Qe5 43.Rd5 Qc7 44.Qc1 Bxa5 45.Rc5 Qd8 46.Bg5 Rxc5 47.Bxd8 Bxd8 
48.Qh6 Ra5 49.Qh8 1-0

[Event "15th Asian-ch"]
[Site "Chengdu CHN"]
[Date "2017.05.15"]
[Round "4"]
[White "Kakabaev, Mergen"]
[Black "Bilguun, Sumiya"]
[Result "0-1"]
[WhiteElo "2350"]
[BlackElo "2440"]
[EventDate "2017.05.12"]
[PlyCount "76"]

1.e4 c5 2.Nf3 e6 3.d4 cxd4 4.Nxd4 a6 5.Bd3 Qc7 6.O-O Nf6 7.Qe2 d6 8.c4 g6 
9.Nc3 Bg7 10.Kh1 O-O 11.f4 Nbd7 12.Nf3 b6 13.Bd2 Bb7 14.Rae1 Rac8 15.Qf2 
Qb8 16.Qh4 Nc5 17.Bc2 b5 18.e5 Ne8 19.b4 Nd7 20.cxb5 dxe5 21.fxe5 Nxe5 22.
Nxe5 Bxe5 23.Qh3 axb5 24.Bb3 Ng7 25.Ne4 Bxe4 26.Rxe4 Nf5 27.Rfe1 Rfd8 28.
Rxe5 Rxd2 29.R5e4 Qc7 30.Qg4 Rcd8 31.Qg5 Kg7 32.Rf1 Nd4 33.Rxd4 R2xd4 34.
Qc1 Qxc1 35.Rxc1 Rxb4 36.Kg1 Rdd4 37.Bd1 Rb2 38.Ra1 e5 0-1

[Event "15th Asian-ch"]
[Site "Chengdu CHN"]
[Date "2017.05.15"]
[Round "4"]
[White "Zhu Jiner"]
[Black "Zhao Yuanhe"]
[Result "0-1"]
[WhiteElo "2184"]
[BlackElo "2383"]
[EventDate "2017.05.12"]
[PlyCount "96"]

1.e4 e5 2.Nf3 Nf6 3.Nxe5 d6 4.Nf3 Nxe4 5.Nc3 Nxc3 6.dxc3 Nc6 7.Be3 Be7 8.
Qd2 Be6 9.O-O-O Qd7 10.h3 a6 11.b3 O-O-O 12.g4 d5 13.Bg2 Rhe8 14.Rhe1 h6 
15.Nd4 Bf6 16.Re2 h5 17.Nxe6 fxe6 18.gxh5 Qd6 19.Kb1 Qa3 20.Qc1 Qa5 21.Bg5
Qxc3 22.Bxf6 Qxf6 23.Qe3 Kb8 24.Qg3 Nd4 25.Re5 Nf5 26.Qh2 Rf8 27.Rd2 Rd6 
28.Bf3 Ne7 29.Bh1 Qh6 30.Rd1 Nc6 31.Re3 Qxh5 32.Rg1 Rf7 33.f4 Qh6 34.Rf3 
Nd4 35.Rff1 Nb5 36.Qg3 Qf6 37.Qg6 Na3+ 38.Kc1 Rc6 39.Qxf6 Rxc2+ 40.Kd1 
Rxf6 41.Rg2 Rxg2 42.Bxg2 Nb5 43.Kd2 Nd6 44.Kd3 c5 45.Re1 Kc7 46.Re5 Nf7 
47.Rh5 Rxf4 48.Rh7 g5 0-1

[Event "15th Asian-ch"]
[Site "Chengdu CHN"]
[Date "2017.05.15"]
[Round "4"]
[White "Chen Qi B"]
[Black "Wang Shixu B"]
[Result "1/2-1/2"]
[WhiteElo "2362"]
[BlackElo "2187"]
[EventDate "2017.05.12"]
[PlyCount "61"]

1.e4 c6 2.d4 d5 3.e5 c5 4.dxc5 e6 5.a3 Bxc5 6.Nf3 Ne7 7.Bd3 Ng6 8.O-O O-O 
9.Re1 a5 10.h4 h6 11.g3 Qb6 12.Qe2 Nc6 13.h5 Ngxe5 14.Nxe5 Nxe5 15.Qxe5 
Bxf2+ 16.Kh2 Bxe1 17.Qxe1 e5 18.Nc3 Qe6 19.Bf1 Bd7 20.Nd1 Rac8 21.c3 Qf5 
22.Qe2 d4 23.Bd2 Rfe8 24.Kg1 Bc6 25.g4 Qf6 26.cxd4 Qh4 27.d5 Bxd5 28.Ne3 
Qh1+ 29.Kf2 Qh4+ 30.Kg1 Qh1+ 31.Kf2 1/2-1/2

[Event "15th Asian-ch"]
[Site "Chengdu CHN"]
[Date "2017.05.15"]
[Round "4"]
[White "Pang Tao"]
[Black "Deng Tianle"]
[Result "0-1"]
[WhiteElo "2193"]
[BlackElo "2105"]
[EventDate "2017.05.12"]
[PlyCount "84"]

1.c4 c5 2.Nc3 Nc6 3.Nf3 g6 4.g3 Bg7 5.Bg2 e6 6.O-O Nge7 7.Ne4 d6 8.e3 O-O 
9.Rb1 b6 10.d3 d5 11.Ned2 Nb4 12.Qb3 a5 13.a4 Ba6 14.Ne1 Ra7 15.Nc2 dxc4 
16.dxc4 Nec6 17.Na3 Rd7 18.Qd1 Ne5 19.Qe2 Nbd3 20.Ne4 Nxc4 21.Nb5 Bb7 22.
b3 Nce5 23.Ba3 Qa8 24.f3 Bxe4 25.fxe4 Rfd8 26.Bb2 Nxb2 27.Rxb2 h5 28.h3 
Rd3 29.Na3 Bh6 30.Nc4 Nxc4 31.bxc4 Qb8 32.Qf3 Bxe3+ 33.Kh1 R8d7 34.Rfb1 
Bg5 35.Rxb6 Qe5 36.Rb8+ Kg7 37.Qf1 Qxg3 38.Qe1 h4 39.Qxg3 hxg3 40.Bf1 Rd2 
41.R8b2 g2+ 42.Bxg2 Rxb2 0-1

[Event "15th Asian-ch"]
[Site "Chengdu CHN"]
[Date "2017.05.16"]
[Round "5"]
[White "Wang Hao"]
[Black "Santosh Gujrathi, Vidit"]
[Result "1-0"]
[WhiteElo "2680"]
[BlackElo "2687"]
[EventDate "2017.05.12"]
[PlyCount "83"]

1.d4 Nf6 2.c4 e6 3.Nf3 d5 4.Nc3 Bb4 5.Qb3 c5 6.dxc5 Nc6 7.Bg5 Qa5 8.Bxf6 
dxc4 9.Qxc4 gxf6 10.Rc1 Qxc5 11.Qf4 Ke7 12.g3 e5 13.Qh6 Bxc3+ 14.bxc3 Be6 
15.Bh3 e4 16.Bxe6 exf3 17.Bg4 fxe2 18.Rc2 Ne5 19.Bxe2 Rad8 20.O-O Rd6 21.
Re1 Re6 22.Rd1 Rd6 23.Rxd6 Qxd6 24.Qe3 Kf8 25.Qxa7 Qc6 26.f4 Nd7 27.Rb2 b6
28.Rd2 Ke7 29.a4 Rc8 30.Bb5 Rc7 31.Bxc6 Rxa7 32.Bxd7 Rxd7 33.Rxd7+ Kxd7 
34.Kf2 Kc6 35.Ke3 Kc5 36.Ke4 Kc4 37.Kf5 Kxc3 38.Kxf6 Kb4 39.Kxf7 Kxa4 40.
f5 b5 41.f6 b4 42.Kg7 1-0

[Event "15th Asian-ch"]
[Site "Chengdu CHN"]
[Date "2017.05.16"]
[Round "5"]
[White "Aravindh, Chithambaram"]
[Black "Kasimdzhanov, Rustam"]
[Result "1-0"]
[WhiteElo "2588"]
[BlackElo "2698"]
[EventDate "2017.05.12"]
[PlyCount "95"]

1.d4 d5 2.Bf4 Nf6 3.e3 c5 4.c3 Nc6 5.Nd2 e6 6.Ngf3 Bd6 7.Bg3 O-O 8.Bb5 
Bxg3 9.hxg3 Qb6 10.Bxc6 bxc6 11.Qc2 Rb8 12.b3 cxd4 13.cxd4 Ba6 14.g4 h6 
15.Ne5 Qb5 16.Ndf3 Rfc8 17.g5 Ne4 18.gxh6 gxh6 19.Qd1 Nc3 20.Qc2 c5 21.Ng5
Ne4 22.Nxe4 dxe4 23.Qd2 cxd4 24.exd4 Rd8 25.O-O-O Rbc8+ 26.Kb1 Qe2 27.Rxh6
Bd3+ 28.Nxd3 Qxd2 29.Rxd2 Rxd4 30.Rh3 e5 31.Rc2 Rxc2 32.Kxc2 exd3+ 33.Rxd3
Rf4 34.f3 e4 35.Rd4 f5 36.fxe4 fxe4 37.Ra4 Kf7 38.Rxa7+ Ke6 39.Kd2 Rg4 40.
Ke3 Ke5 41.Ra5+ Kd6 42.Kd4 Rxg2 43.Kxe4 Kc6 44.Kd3 Kb6 45.Ra4 Kb5 46.Kc3 
Rg3+ 47.Kb2 Rg2+ 48.Ka3 1-0

[Event "15th Asian-ch"]
[Site "Chengdu CHN"]
[Date "2017.05.16"]
[Round "5"]
[White "Ganguly, Surya Shekhar"]
[Black "Sengupta, Deep"]
[Result "1/2-1/2"]
[WhiteElo "2653"]
[BlackElo "2586"]
[EventDate "2017.05.12"]
[PlyCount "140"]

1.d4 Nf6 2.c4 e6 3.Nc3 Bb4 4.e3 O-O 5.Bd3 c5 6.Nf3 d5 7.cxd5 exd5 8.dxc5 
Nc6 9.O-O Bxc5 10.h3 Bb6 11.Ne2 Ne4 12.Bc2 Be6 13.Nf4 Qd7 14.a3 Rad8 15.b4
f6 16.Bb2 Bf7 17.Nd4 Ne5 18.Ba4 Qc8 19.Rc1 Nc4 20.Qe2 Bc7 21.Rfd1 a6 22.b5
Bxf4 23.exf4 Nc5 24.Bb3 axb5 25.Ba2 Rfe8 26.Qc2 Qd7 27.Bb1 Bg6 28.f5 Bf7 
29.Ne6 Rc8 30.Rd4 Nxb2 31.Nxc5 Qd6 32.Qxb2 Rxc5 33.Rcd1 Qe5 34.Bd3 Rec8 
35.Rb4 Be8 36.Rb1 Bd7 37.g4 Rc3 38.Bxb5 Bxb5 39.Rxb5 Qe4 40.Qd2 d4 41.Qe1 
Qf3 42.R1b3 Kh8 43.Rc5 R3xc5 44.Rxf3 Rc1 45.Kf1 h5 46.Rd3 Rxe1+ 47.Kxe1 
Rc1+ 48.Ke2 Rh1 49.Rg3 Kh7 50.Kd3 h4 51.Rf3 Rd1+ 52.Ke4 Rd2 53.Rb3 Rxf2 
54.Kxd4 Rg2 55.Ke4 Rh2 56.Kf4 Rf2+ 57.Rf3 Rg2 58.Rb3 Rf2+ 59.Ke4 Rh2 60.a4
Ra2 61.Rb4 Ra3 62.Kf4 Kh6 63.Rxb7 Rxa4+ 64.Kf3 Ra3+ 65.Kg2 Ra2+ 66.Kg1 Rc2
67.Ra7 Rb2 68.Rc7 Rd2 69.Ra7 Rc2 70.Rb7 Rd2 1/2-1/2

[Event "15th Asian-ch"]
[Site "Chengdu CHN"]
[Date "2017.05.16"]
[Round "5"]
[White "Bai Jinshi"]
[Black "Sethuraman, Panayapan"]
[Result "1-0"]
[WhiteElo "2586"]
[BlackElo "2633"]
[EventDate "2017.05.12"]
[PlyCount "99"]

1.d4 e6 2.c4 d5 3.Nc3 Nf6 4.cxd5 exd5 5.Bg5 c6 6.e3 Bf5 7.Qf3 Bg6 8.Bxf6 
Qxf6 9.Qxf6 gxf6 10.Nf3 Nd7 11.Nh4 Be7 12.Ne2 f5 13.g3 Nb6 14.Nf4 Nc8 15.
Bd3 Nd6 16.b4 a6 17.Ke2 Ne4 18.a3 Kd7 19.Rhc1 Rhe8 20.Nhg2 Nd6 21.h4 h6 
22.a4 b5 23.Rc2 Ne4 24.Rac1 Rec8 25.axb5 axb5 26.f3 Bxb4 27.Nxd5 cxd5 28.
Bxb5+ Kd8 29.Rxc8+ Rxc8 30.Rxc8+ Kxc8 31.fxe4 dxe4 32.Nf4 Kd8 33.h5 Bh7 
34.Nd5 Bd6 35.Nf6 Ke7 36.Nxh7 Bxg3 37.Ba6 f4 38.exf4 Bxf4 39.Bb7 e3 40.Kf3
Bd6 41.Bc8 Ba3 42.Kxe3 Bb2 43.Ke4 Bc3 44.Ba6 Bb2 45.Bc4 Bc3 46.d5 Bb2 47.
Kf5 Bc3 48.Nf6 Bxf6 49.d6+ Kxd6 50.Kxf6 1-0

[Event "15th Asian-ch"]
[Site "Chengdu CHN"]
[Date "2017.05.16"]
[Round "5"]
[White "Sadorra, Julio Catalino"]
[Black "Zhumabaev, Rinat"]
[Result "1/2-1/2"]
[WhiteElo "2575"]
[BlackElo "2625"]
[EventDate "2017.05.12"]
[PlyCount "148"]

1.d4 Nf6 2.c4 g6 3.Nc3 d5 4.Nf3 Bg7 5.h4 c6 6.Bg5 h6 7.Bxf6 Bxf6 8.h5 g5 
9.e3 a6 10.Qc2 Be6 11.cxd5 cxd5 12.Qb3 Ra7 13.Nd2 Nc6 14.g3 b5 15.Bg2 Rd7 
16.a4 b4 17.Na2 Qb6 18.O-O O-O 19.Rfc1 Rd6 20.Qc2 Rc8 21.Qd3 Bg4 22.Nb3 e5
23.Rc5 exd4 24.a5 Qa7 25.Rac1 dxe3 26.Qxe3 Qd7 27.Qd2 Re8 28.Rxd5 Nd4 29.
Rxd6 Qxd6 30.Rc6 Re1+ 31.Kh2 Qe7 32.Nxd4 Rd1 33.Rc8+ Bxc8 34.Qxd1 Qd7 35.
Nxb4 Qxd4 36.Qxd4 Bxd4 37.Nc6 Bf6 38.b4 Kf8 39.f4 gxf4 40.gxf4 Bc3 41.Nb8 
Bxb4 42.Nc6 Bd2 43.Kg3 Be1+ 44.Kh2 Bg4 45.Bf1 Bf3 46.Nd4 Bb7 47.Nf5 Bxa5 
48.Nxh6 Bd2 49.Kg3 Be1+ 50.Kh2 a5 51.Bc4 Bf3 52.Nxf7 Bxh5 53.Ne5 Bd1 54.
Ba2 a4 55.Kg2 Ke7 56.Nd3 Bc3 57.Kf2 Bd4+ 58.Ke1 Bh5 59.Kd2 Kd6 60.Bc4 Bf3 
61.Kc2 Be4 62.Kb1 Kc6 63.Ka2 Kb6 64.Ka3 Ka5 65.Ka2 Bf5 66.Ka3 Bf6 67.Ka2 
Be7 68.Ne5 Be4 69.Nd3 Bf8 70.Kb2 a3+ 71.Ka2 Ka4 72.Bb3+ Kb5 73.Ne1 Kb4 74.
Nc2+ Bxc2 1/2-1/2

[Event "15th Asian-ch"]
[Site "Chengdu CHN"]
[Date "2017.05.16"]
[Round "5"]
[White "Yu Yangyi"]
[Black "Gundavaa, Bayarsaihan"]
[Result "1-0"]
[WhiteElo "2743"]
[BlackElo "2485"]
[EventDate "2017.05.12"]
[PlyCount "87"]

1.e4 c5 2.Nf3 g6 3.c3 d5 4.e5 Nc6 5.Bb5 Qb6 6.Bxc6+ bxc6 7.d3 Bg7 8.O-O 
Nh6 9.h3 O-O 10.Re1 f6 11.e6 Nf5 12.b3 Rd8 13.Bf4 c4 14.dxc4 dxc4 15.Nbd2 
cxb3 16.axb3 Ba6 17.Bc7 Qxc7 18.Rxa6 Bh6 19.Qe2 Bxd2 20.Nxd2 Rab8 21.Ne4 
Rb6 22.Ra5 Rd5 23.Qa2 Qe5 24.Rxa7 Qxe6 25.b4 Kg7 26.Kf1 Re5 27.Qxe6 Rxe6 
28.g4 Nh4 29.Nd6 Rxe1+ 30.Kxe1 Kf8 31.Nc8 Rb5 32.Kd1 Rd5+ 33.Kc2 Re5 34.
Rc7 Nf3 35.Rxc6 h5 36.Rc7 h4 37.c4 f5 38.gxf5 g5 39.b5 g4 40.b6 Re2+ 41.
Kc3 Re1 42.b7 Rb1 43.f6 exf6 44.Nd6 1-0

[Event "15th Asian-ch"]
[Site "Chengdu CHN"]
[Date "2017.05.16"]
[Round "5"]
[White "Bu Xiangzhi"]
[Black "Xu Xiangyu"]
[Result "1-0"]
[WhiteElo "2697"]
[BlackElo "2534"]
[EventDate "2017.05.12"]
[PlyCount "65"]

1.d4 Nf6 2.Nf3 d5 3.c4 e6 4.Bg5 h6 5.Bxf6 Qxf6 6.Nc3 c6 7.g3 Nd7 8.Bg2 g6 
9.O-O Bg7 10.e4 O-O 11.Qe2 dxe4 12.Nxe4 Qe7 13.c5 Nf6 14.Nd6 Ne8 15.Nc4 
Nc7 16.Nfe5 Bd7 17.Rad1 Rab8 18.h4 h5 19.g4 Be8 20.gxh5 Qxh4 21.hxg6 fxg6 
22.Nd6 Nd5 23.Bxd5 exd5 24.Rd3 g5 25.Rg3 Bh5 26.Qe3 g4 27.Kg2 Bxe5 28.Qxe5
Bg6 29.Qe6+ Kg7 30.Rxg4 Qf6 31.Qe5 Qxe5 32.dxe5 Rg8 33.f4 1-0

[Event "15th Asian-ch"]
[Site "Chengdu CHN"]
[Date "2017.05.16"]
[Round "5"]
[White "Xu Yinglun"]
[Black "Adhiban, Baskaran"]
[Result "0-1"]
[WhiteElo "2560"]
[BlackElo "2672"]
[EventDate "2017.05.12"]
[PlyCount "68"]

1.d4 Nf6 2.c4 e6 3.Nf3 c5 4.d5 d6 5.Nc3 exd5 6.cxd5 g6 7.e4 Bg7 8.Be2 O-O 
9.Bg5 h6 10.Be3 a6 11.a4 Nbd7 12.h3 g5 13.O-O g4 14.hxg4 Nxg4 15.Bf4 Nde5 
16.Nxe5 Nxe5 17.Qd2 Qf6 18.Ra3 Bd7 19.Rb3 b5 20.axb5 axb5 21.Bxb5 Rfb8 22.
Bxe5 Qxe5 23.Qc2 Bg4 24.Re1 Qg5 25.Ne2 Ra5 26.Bc4 Rxb3 27.Qxb3 h5 28.Kf1 
Be5 29.f3 Qf6 30.Kg1 Qh4 31.Kf1 Bd7 32.Qb8+ Kg7 33.Qc7 Bb5 34.Qxa5 Bxc4 
0-1